[Event "POR-chT 43rd"]
[Site "Barreiro"]
[Date "2001.06.17"]
[Round "4"]
[White "Pinheiro, Jose"]
[Black "Santos, Carlos Pereira Dos"]
[Result "1-0"]
[WhiteElo "2311"]
[BlackElo "2425"]
[PlyCount "78"]
[EventDate "2001.06.14"]
[EventType "team"]
[EventRounds "9"]
[EventCountry "POR"]
[SourceTitle "EXT 2002"]
[Source "ChessBase"]
[SourceDate "2001.11.25"]
[SourceVersion "1"]
[SourceVersionDate "2001.11.25"]
[SourceQuality "1"]

1. d4 Nf6 2. c4 g6 3. Nc3 Bg7 4. e4 d6 5. Nf3 0-0 6. Be2 e5 7. 0-0 Nc6 8. d5 Ne7 9. b4 Kh8 10. c5 Neg8 11. Nd2 Ne8 12. Bb2 f5 13. exf5 gxf5 14. f4 exf4 15. Rxf4 Ne7 16. Nc4 Ng6 17. Rf2 Bd7 18. Qd2 Qe7 19. Re1 dxc5 20. Bd3 Qf7 21. bxc5 Rd8 22. Ref1 Qe7 23. Ne3 Qxc5 24. Bxf5 Bxf5 25. Rxf5 Rxf5 26. Rxf5 Qd4 27. Qf2 Nd6 28. Ncd1 Qb6 29. Bxg7+ Kxg7 30. Kh1 Nxf5 31. Nxf5+ Kh8 32. Qe1 Rf8 33. Nde3 Qf6 34. h3 Re8 35. Qa5 Qa1+ 36. Kh2 Qe5+ 37. Kg1 Nh4 38. Ng4 Qa1+ 39. Kh2 Nxf5 1-0